[Event "Goch op 19th"]
[Site "Goch"]
[Date "2008.10.10"]
[Round "2"]
[White "Verholen, Pascal"]
[Black "Steinhoefel, Heinz"]
[Result "0-1"]
[WhiteElo "1271"]
[BlackElo "1823"]
[PlyCount "38"]
[EventDate "2008.10.09"]
[EventType "swiss"]
[EventRounds "7"]
[EventCountry "GER"]
[SourceTitle "EXT 2011"]
[Source "ChessBase"]
[SourceDate "2010.11.26"]
[SourceVersion "1"]
[SourceVersionDate "2010.11.26"]
[SourceQuality "1"]

1. e4 c5 2. Nf3 Nc6 3. d4 cxd4 4. Nxd4 d6 5. Be3 Nf6 6. Bd3 g6 7. Nd2 Bg7 8. f3 0-0 9. 0-0 Bd7 10. c3 a6 11. Rb1 Ne5 12. Be2 d5 13. Bf4 Qc7 14. Bxe5 Qxe5 15. Bd3 Bh6 16. Re1 Bf4 17. h3 Qg5 18. Kh1 Bxd2 19. Re2 Bf4 0-1

[Event "Goch op 19th"]
[Site "Goch"]
[Date "2008.10.09"]
[Round "1"]
[White "Ratzmann, Stefan"]
[Black "Verholen, Pascal"]
[Result "1-0"]
[WhiteElo "2004"]
[BlackElo "1271"]
[PlyCount "81"]
[EventDate "2008.10.09"]
[EventType "swiss"]
[EventRounds "7"]
[EventCountry "GER"]
[SourceTitle "EXT 2011"]
[Source "ChessBase"]
[SourceDate "2010.11.26"]
[SourceVersion "1"]
[SourceVersionDate "2010.11.26"]
[SourceQuality "1"]

1. d4 d5 2. Nf3 Bg4 3. Ne5 Bf5 4. Bf4 e6 5. e3 Bd6 6. c4 Nd7 7. Nc3 c6 8. Qb3 Qc7 9. Nxd7 Bxf4 10. Nc5 b6 11. Na6 Qb7 12. exf4 Qxa6 13. cxd5 Qb7 14. dxc6 Qc7 15. g3 Ne7 16. Bg2 0-0 17. Nb5 Qc8 18. c7 a6 19. Nc3 Ra7 20. Qxb6 Qxc7 21. Qxc7 Rxc7 22. d5 exd5 23. Bxd5 Rb8 24. Bb3 Nc6 25. 0-0 Nd4 26. Rfd1 Rd8 27. Kg2 Rcd7 28. Ba4 Rd6 29. Rd2 Ne6 30. Rxd6 Rxd6 31. Rd1 Rxd1 32. Nxd1 Nd4 33. f3 Bd3 34. Kf2 Be2 35. Ke3 Bxd1 36. Bxd1 Ne6 37. b4 Kf8 38. Be2 Nc7 39. Kd4 Ke7 40. Bc4 f6 41. Kc5 1-0